[Event "SVR-ch HT 29th"]
[Site "Koblenz"]
[Date "2006.04.08"]
[Round "1"]
[White "Barden, Andrea"]
[Black "Van Leyen, Peter"]
[Result "0-1"]
[WhiteElo "1052"]
[BlackElo "1612"]
[PlyCount "82"]
[EventDate "2006.04.08"]
[EventType "swiss"]
[EventRounds "7"]
[EventCountry "GER"]
[SourceTitle "EXT 2009"]
[Source "ChessBase"]
[SourceDate "2008.11.26"]
[SourceVersion "1"]
[SourceVersionDate "2008.11.26"]
[SourceQuality "1"]

1. c4 c5 2. Nc3 Nf6 3. g3 e6 4. Bg2 a6 5. Nf3 Be7 6. 0-0 0-0 7. b3 Qc7 8. Bb2 b6 9. d4 Bb7 10. dxc5 Bxc5 11. Qc2 Rd8 12. Rfd1 Nc6 13. Rd2 d5 14. cxd5 Nb4 15. d6 Bxd6 16. Qd1 Rd7 17. e3 Rad8 18. Ne2 Nbd5 19. Rd4 e5 20. Rd2 Ne7 21. Rc1 Qb8 22. h3 Ng6 23. Rc3 Ne4 24. Rcd3 Nxd2 25. Rxd2 Qa8 26. Nc3 Qc8 27. Qe2 h6 28. e4 Bb4 29. Rc2 Rc7 30. Qe3 Rd6 31. a3 Bc5 32. Qe2 Bd4 33. h4 Bxc3 34. Bxc3 Rxc3 35. Ra2 Rc1+ 36. Kh2 Qc3 37. b4 Rc6 38. b5 axb5 39. Qxb5 Qc4 40. Qb2 Rc2 41. Qb1 Qxa2 0-1

[Event "GER-ch U10"]
[Site "Willingen"]
[Date "2005.05.15"]
[Round "3"]
[White "Winterholler, Christina"]
[Black "Barden, Andrea"]
[Result "0-1"]
[WhiteElo "1200"]
[BlackElo "990"]
[PlyCount "106"]
[EventDate "2005.05.14"]
[EventType "swiss"]
[EventRounds "11"]
[EventCountry "GER"]
[SourceTitle "CBM 106 Extra"]
[Source "ChessBase"]
[SourceDate "2005.07.01"]
[SourceVersion "1"]
[SourceVersionDate "2005.07.01"]
[SourceQuality "1"]

1. e4 g6 2. d4 Bg7 3. Nc3 d6 4. Nf3 Nf6 5. h3 0-0 6. Be3 h6 7. Qd2 Kh7 8. Bd3 b6 9. 0-0-0 Bb7 10. Rhe1 Nbd7 11. g4 d5 12. e5 Ne4 13. Bxe4 dxe4 14. Nh2 e6 15. Nf1 Qh4 16. Ng3 Qxh3 17. g5 h5 18. Ncxe4 Qg4 19. Nc3 Bf3 20. Nce2 Rad8 21. Qc3 c5 22. Rd2 cxd4 23. Bxd4 Qxg5 24. Qxf3 Nxe5 25. Qc3 Bh6 26. f4 Qg4 27. Bxe5 Rxd2 28. Qxd2 f6 29. Bc3 e5 30. Rd1 exf4 31. Qd7+ Kh8 32. Qxg4 hxg4 33. Bd2 g5 34. Nf5 Bg7 35. Nxg7 Kxg7 36. Rg1 f3 37. Ng3 Kg6 38. Kd1 Re8 39. Re1 Rd8 40. Rf1 f5 41. Ke1 f4 42. Ne4 Re8 43. Bc3 Rxe4+ 44. Kf2 Re2+ 45. Kg1 Rxc2 46. Rf2 Rxf2 47. Kxf2 Kf5 48. Bg7 Ke4 49. Bh6 g3+ 50. Kf1 f2 51. Kg2 Ke3 52. Kf1 Kf3 53. Bxg5 g2# 0-1

[Event "GER-ch U10"]
[Site "Willingen"]
[Date "2004.05.31"]
[Round "4"]
[White "Hager, Joshua Aarash"]
[Black "Barden, Andrea"]
[Result "1-0"]
[WhiteElo "1193"]
[BlackElo "1115"]
[PlyCount "63"]
[EventDate "2004.06.??"]
[EventType "swiss"]
[EventRounds "11"]
[EventCountry "GER"]
[SourceTitle "EXT 2005"]
[Source "ChessBase"]
[SourceDate "2004.11.15"]
[SourceVersion "1"]
[SourceVersionDate "2004.11.15"]
[SourceQuality "1"]

1. e4 g6 2. d4 Bg7 3. f4 d6 4. Be3 Nf6 5. Nd2 0-0 6. Ngf3 e6 7. Be2 Ng4 8. Bg1 Nc6 9. h3 Nf6 10. Be3 b6 11. c3 Bb7 12. Qc2 h6 13. 0-0-0 a5 14. g4 d5 15. e5 Nd7 16. h4 Rb8 17. h5 Qe7 18. hxg6 fxg6 19. Qxg6 Qf7 20. Rxh6 Qxg6 21. Rxg6 Kf7 22. f5 exf5 23. gxf5 Rbe8 24. e6+ Ke7 25. Rxg7+ Kd8 26. Rxd7+ Kc8 27. Bd3 Rd8 28. Rxd8+ Rxd8 29. Bg5 Rf8 30. e7 Nxe7 31. Bxe7 Rf7 32. f6 1-0

[Event "GER-ch U10"]
[Site "Willingen"]
[Date "2004.05.30"]
[Round "2"]
[White "Priese, Franziska"]
[Black "Barden, Andrea"]
[Result "0-1"]
[WhiteElo "711"]
[BlackElo "1115"]
[PlyCount "88"]
[EventDate "2004.06.??"]
[EventType "swiss"]
[EventRounds "11"]
[EventCountry "GER"]
[SourceTitle "EXT 2005"]
[Source "ChessBase"]
[SourceDate "2004.11.15"]
[SourceVersion "1"]
[SourceVersionDate "2004.11.15"]
[SourceQuality "1"]

1. e4 g6 2. Nf3 Bg7 3. Bc4 d6 4. Nc3 Nf6 5. d3 0-0 6. Bg5 Nc6 7. 0-0 Bg4 8. h3 Bxf3 9. Qxf3 Nd4 10. Qg3 Nxc2 11. Rac1 Nd4 12. Bxf6 Bxf6 13. Rce1 c5 14. Nd5 Bg7 15. Qh4 e6 16. Ne7+ Kh8 17. Nxg6+ fxg6 18. Qg3 Qb6 19. Qg4 Rfe8 20. Qf4 Rf8 21. Qg5 Qd8 22. Qe3 Nc2 23. Qg3 Nxe1 24. Rxe1 d5 25. exd5 exd5 26. Bb5 Qf6 27. f3 Qxb2 28. Bd7 Qd4+ 29. Kh1 Rad8 30. Re7 Rxd7 31. Rxd7 Qa1+ 32. Kh2 Be5 33. f4 Bxf4 34. Qxf4 Rxf4 35. Rd8+ Kg7 36. Rd7+ Rf7 37. Rxf7+ Kxf7 38. h4 Kf6 39. Kh3 Kf5 40. g4+ Kf4 41. d4 Qc3+ 42. Kg2 Qg3+ 43. Kf1 Ke3 44. dxc5 Qf2# 0-1